Simposio Toledo Romántico (Registro nro. 187189)

Detalles MARC
000 -LEADER
campo de control de longitud fija 01015nam a2200265 i 4500
001 - NÚMERO DE CONTROL
campo de control 187189
003 - IDENTIFICADOR DE NÚMERO DE CONTROL
campo de control SpMaBN
005 - FECHA Y HORA DE LA ÚLTIMA TRANSACCIÓN
campo de control 20230906222833.0
008 - DATOS DE LONGITUD FIJA--INFORMACIÓN GENERAL
campo de control de longitud fija 170503s1990 sp ad |||| | spa d
020 ## - NÚMERO INTERNACIONAL ESTÁNDAR DEL LIBRO
Número Internacional Estándar del Libro 84-600-5483-3
080 ## - NÚMERO DE LA CLASIFICACIÓN DECIMAL UNIVERSAL
Número de la Clasificación Decimal Universal 008(460.285 T)"18"(063)
111 2# - ENTRADA PRINCIPAL--NOMBRE DE CONGRESO/REUNIÓN
Nombre de congreso/reunión o jurisdicción como elemento de entrada Simposio Toledo Romántico (
Fecha del congreso o de la firma del tratado 1988.
Sede del congreso/Lugar de la reunión Toledo)
9 (RLIN) 162521
245 10 - MENCIÓN DEL TÍTULO
Título Simposio Toledo Romántico
Resto del título : Colegio Universitario, 21-23 enero 1988 /
Mención de responsabilidad, etc. [preliminar, Daniel Poyán Díaz].
260 ## - PUBLICACIÓN, DISTRIBUCIÓN, ETC.
Lugar de publicación, distribución, etc. Toledo :
Nombre del editor, distribuidor, etc. Colegio Universitario,
Fecha de publicación, distribución, etc. 1990.
300 ## - DESCRIPCIÓN FÍSICA
Extensión 318 p. :
Otras características físicas il., gráf. ;
Dimensiones 25 cm.
490 1# - MENCIÓN DE SERIE
Mención de serie Toledo universitario
504 ## - NOTA DE BIBLIOGRAFÍA, ETC.
Nota de bibliografía, etc. Referencias bibliográficas.
650 #7 - PUNTO DE ACCESO ADICIONAL DE MATERIA--TÉRMINO DE MATERIA
Término de materia o nombre geográfico como elemento de entrada Romanticismo-
Subdivisión geográfica Toledo-
Subdivisión de forma Congresos y asambleas.
9 (RLIN) 162522
651 #4 - PUNTO DE ACCESO ADICIONAL DE MATERIA--NOMBRE GEOGRÁFICO
Nombre geográfico Toledo-
Subdivisión general Historia-
Subdivisión de forma Congresos y asambleas.
9 (RLIN) 162524
700 1# - ENTRADA AGREGADA--NOMBRE PERSONAL
Nombre de persona Poyán Díaz, Daniel.
9 (RLIN) 93515
710 2# - ENTRADA AGREGADA--NOMBRE DE ENTIDAD CORPORATIVA
Nombre de entidad corporativa o nombre de jurisdicción como elemento de entrada Universidad de Castilla-La Mancha.
Unidad subordinada Colegio Universitario de Toledo.
9 (RLIN) 162523
830 0# - PUNTO DE ACCESO ADICIONAL DE SERIE-TÍTULO UNIFORME
Título uniforme Toledo universitario
9 (RLIN) 185581
852 ## - LOCALIZACIÓN
Ubicación ES-MaACL
Número de control de estantería L-31523
Existencias
Estatus retirado Estado de pérdida Estado de daño No para préstamo Biblioteca de origen Biblioteca actual Ubicación en estantería Fecha de adquisición Fuente de adquisición Total de préstamos Signatura topográfica completa Código de barras Visto por última vez Precio de reemplazo Tipo de ítem Koha
        Biblioteca del Ateneo de Madrid Biblioteca del Ateneo de Madrid Depósito 2 03/05/2017     L-31523 1197513 23/02/2023 23/02/2023 Libro impreso